As 20 cidades com o pior trânsito do mundo - Statistics

Estatísticas Gerais
  • Esse quiz foi jogado 322 vezes
  • A pontuação média é 12 de 20
Estatísticas das Respostas
Ranking País Cidade % Correto
MÉXICO CIDADE DO MÉXICO
94%
BRASIL RIO DE JANEIRO
91%
TURQUIA ISTAMBUL
88%
15° CHINA PEQUIM
86%
RÚSSIA MOSCOU
85%
16° INGLATERRA LONDRES
81%
13° ITÁLIA ROMA
78%
POLÔNIA VARSÓVIA
76%
ROMÊNIA BUCARESTE
69%
BRASIL SALVADOR
68%
10° EUA LOS ANGELES
64%
BRASIL RECIFE
59%
RÚSSIA SÃO PETERSBURGO
57%
20° CANADÁ VANCOUVER
51%
18° FRANÇA MARSELHA
47%
11° TAIWAN TAIPEI
45%
17° CHINA GUANGZHOU
22%
19° CHINA CHENGDU
9%
14° CHINA TIANJING
3%
12° CHINA CHONGKING
1%
Nenhum quiz correspondente encontrado
Distribuição das Pontuações
Porcentagem de Pessoas com Cada Pontuação
Percentil de Números Respondidos
Sua Pontuação Histórica
Você não jogou esse quiz